[Event "Olympiad-29"]
[Site "Novi Sad"]
[Date "1990.11.26"]
[Round "9"]
[White "Zapata, Alonso"]
[Black "Lautier, Joel"]
[Result "0-1"]
[WhiteElo "2545"]
[BlackElo "2570"]
[Annotator "Lautier,J"]
[PlyCount "68"]
[EventDate "1990.11.17"]
[EventType "team-swiss"]
[EventRounds "14"]
[EventCountry "YUG"]
[SourceTitle "CBM 022"]
[Source "ChessBase"]
[SourceDate "1991.06.01"]
[SourceVersion "1"]
[SourceVersionDate "1991.06.01"]
[SourceQuality "1"]
[WhiteTeam "Colombia"]
[BlackTeam "France"]
[WhiteTeamCountry "COL"]
[BlackTeamCountry "FRA"]

1. e4 e6 2. d3 d5 3. Nd2 c5 4. Ngf3 Nc6 5. g3 Bd6 6. Bg2 Nge7 7. O-O O-O 8. Re1
f6 $5 9. c3 Qc7 10. a3 Bd7 11. Qe2 (11. b4 $6 cxb4 12. axb4 (12. cxb4 Ne5 $15)
12... Ne5 13. Nxe5 Bxe5 14. Bb2 Bxc3 15. Rc1 d4 16. Nb1 Qb6 17. Nxc3 Qxb4 $1
18. Ne2 Ba4 19. Rc4 Qxc4 20. dxc4 Bxd1 21. Rxd1 e5 $15) 11... Rac8 12. Nb3 $6 (
12. b4 b5 $10) 12... Qb6 13. Nbd2 Kh8 14. Bh3 Qc7 15. b4 e5 $1 16. Bxd7 Qxd7
17. b5 Nd8 18. c4 dxe4 $1 $15 (18... dxc4 19. Nxc4 Ne6 20. a4 $10) 19. Nxe4 $6
(19. dxe4 Ne6 20. Bb2 Nd4 21. Bxd4 cxd4 $15) 19... Ne6 20. Bb2 Bc7 $2 (20...
Ng6 $1 $17 {/\ Bc7, Rcd8, f5} 21. Rad1 $2 Nef4 $1 22. gxf4 Nxf4 23. Qe3 Qg4+
24. Ng3 Qh3 $19) 21. Nh4 $1 $13 Rcd8 22. Rad1 g5 $5 (22... f5 23. Nd2 Qxd3 24.
Bxe5 Qxe2 25. Rxe2 $10) 23. Ng2 Ng6 24. Qh5 Qg7 25. Kh1 Rd7 26. h4 $4 (26. Rg1
h6 {/\ f5} 27. h4 Kg8 $15) (26. Ne3 Ne7 $1 $15) 26... gxh4 27. Nxh4 (27. gxh4
Ngf4 28. Qf3 (28. Nxf4 Nxf4 29. Qf3 Qh6 30. Qg3 Rg7 $19) 28... Nxg2 29. Qxg2
Qxg2+ 30. Kxg2 Nf4+ 31. Kf3 Rxd3+ 32. Rxd3 Nxd3 $19) 27... Nxh4 28. Qxh4 (28.
gxh4 Nf4 29. Qf3 Qh6 $19) 28... f5 29. Nc3 Rf6 $1 $19 30. Nd5 Rh6 31. Nxc7
Rxh4+ 32. gxh4 Nd4 33. Ne6 Qg4 34. Bxd4 cxd4 0-1

[Event "NED-ch52"]
[Site "Rotterdam"]
[Date "1997.06.29"]
[Round "7"]
[White "Van der Weide, Karel"]
[Black "Timman, Jan H"]
[Result "0-1"]
[WhiteElo "2355"]
[BlackElo "2630"]
[Annotator "Liss,E"]
[PlyCount "104"]
[EventDate "1997.06.21"]
[EventType "tourn"]
[EventRounds "11"]
[EventCountry "NED"]
[EventCategory "12"]
[SourceTitle "CBM 060"]
[Source "ChessBase"]
[SourceDate "1997.09.29"]
[SourceVersion "1"]
[SourceVersionDate "1997.09.29"]
[SourceQuality "1"]

1. e4 c5 2. Nf3 Nc6 3. d3 Nf6 4. g3 d5 5. Nbd2 Bg4 6. h3 Bh5 7. Bg2 e6 8. O-O
Be7 9. Re1 O-O 10. c3 Qc7 11. g4 $5 {After a rather strange opening move order,
white has obtained a normal structure with a king fianchetto and should
continue normally with moves like Qc2. the game move creates a weakness on
><f4.} Bg6 12. Nh4 Rad8 13. Nxg6 hxg6 $15 14. exd5 Nxd5 {><f4} 15. Ne4 Nf4 16.
Bxf4 Qxf4 17. Qe2 Rd7 18. Ng3 Rc8 19. Rad1 Qa4 20. a3 Rcd8 21. Be4 Bh4 (21...
Bd6 $5 22. Nf1 Bb8 $15) 22. Nf1 Ne5 23. Nh2 Qb5 24. d4 (24. Nf3 Nxf3+ 25. Bxf3
(25. Qxf3 f5 26. gxf5 gxf5 (26... exf5 27. Bd5+ $1 $36 (27. c4 fxe4 28. Qxe4 (
28. Rxe4 Qc6) 28... Bxf2+ 29. Kxf2 Qxb2+ $17)) 27. Qh5 Bxf2+ 28. Kxf2 fxe4 29.
Rxe4 Qxb2+ 30. Re2 Qxc3 31. Rxe6 Rf8+ $19) 25... Rxd3 26. Bxb7 (26. Rxd3 Rxd3 (
26... Qxd3 27. Bxb7 Qxh3 28. Bg2 Qd3 $15) 27. Bxb7 Qd7 $36) 26... Rxd1 27. Qxb5
Rxe1+ 28. Kg2 Rd2 29. Qe8+ Kh7 $19) 24... Qxe2 25. Rxe2 cxd4 26. Rxd4 Rxd4 27.
cxd4 Rxd4 28. Bxb7 Rd1+ 29. Nf1 Nd3 $36 {><f4,><Nf1, ><Kg1} 30. Be4 Nf4 31. Re3
f5 32. Bc2 (32. gxf5 gxf5) 32... Rc1 33. Bb3 Kf7 34. Rf3 Bg5 35. Ba4 (35. h4
fxg4) 35... Ne2+ 36. Kg2 Nf4+ 37. Kg1 a6 38. b4 Ne2+ 39. Kg2 Nf4+ 40. Kg1 e5
41. Rb3 Ne2+ 42. Kg2 Nf4+ 43. Kg1 e4 44. b5 Ne2+ 45. Kg2 f4 $1 46. Nd2 (46. f3
axb5 47. Rxb5 (47. Bxb5 Nd4) 47... exf3+ 48. Kf2 Bh4+ 49. Kxf3 Nd4+ $19) 46...
Rg1+ $1 $40 47. Kh2 f3 48. Nxe4 (48. Nxf3 Bf4#) 48... Bf4+ 49. Ng3 Rg2+ (49...
Bxg3+ 50. fxg3 Rg2+ 51. Kh1 Nxg3# {was also possible}) 50. Kh1 Rxf2 {White
resigned seeing the coming loss of a rook after:} 51. Rxf3 Nxg3+ 52. Rxg3 Bxg3
0-1

[Event "RUS-chT 04th"]
[Site "Azov"]
[Date "1996.??.??"]
[Round "2"]
[White "Glek, Igor Vladimirovich"]
[Black "Matveeva, Svetlana"]
[Result "0-1"]
[WhiteElo "2670"]
[BlackElo "2470"]
[Annotator "Makarichev,S"]
[PlyCount "74"]
[EventDate "1996.??.??"]
[EventType "team-tourn"]
[EventRounds "7"]
[EventCountry "RUS"]
[SourceTitle "CBM 056 Extra"]
[Source "ChessBase"]
[SourceDate "1997.03.01"]
[SourceVersion "1"]
[SourceVersionDate "1997.03.01"]
[SourceQuality "1"]
[WhiteTeam "Azov Ladya"]
[BlackTeam "Rostov-on-Don Don-SDYuSShOR"]
[WhiteTeamCountry "RUS"]
[BlackTeamCountry "RUS"]

1. e4 e6 2. d3 d5 3. Nd2 Nf6 4. Ngf3 g6 $1 5. g3 (5. e5 $5 Nfd7 6. d4 c5 7. c3
Nc6 8. Nb3 $1 (8. a3 Qb6 $132) 8... Qb6 9. Be2 $1 (9. Nxc5 $6 Nxc5 (9... Bxc5
10. dxc5 Qc7 11. Bf4 (11. Bb5 $5) 11... f6 12. Bb5 fxe5 (12... Ndxe5 13. Nxe5
fxe5 14. Bg3 O-O 15. O-O Rf5 16. Re1 Qg7) 13. Bg3 (13. Nxe5 $2 Ncxe5 14. Bxd7+
Bxd7 15. Qd4 Nd3+ $1 $19) 13... O-O 14. Qe2 Rf5 15. O-O Nxc5 16. Bxc6 (16. Nd4
$6 Rg5 $13) 16... bxc6 17. Bxe5 Qf7 18. Nd4 $1 $16 Ba6 19. Nxf5 Bxe2 20. Nh6+
Kf8 21. Bd6+ Ke8 22. Nxf7 Bxf1 23. Bxc5 $18) 10. dxc5 Bxc5 11. Qc2 O-O 12. b4
Be7 $132) (9. dxc5 Qc7 $1 (9... Nxc5 $6 10. Be3 $14) 10. Bf4 f6 $1 11. Bb5 (11.
Nbd4 $6 Ndxe5 $15) 11... fxe5 12. Bg3 Bg7 13. Nfd4 Nf6 $1 $15) 9... a5 (9... c4
$6 10. Nbd2 $16) 10. a4 Bg7 (10... cxd4 11. cxd4 Bb4+ 12. Kf1 O-O 13. Bh6 Re8
14. h4 $16) 11. Rb1 $1 O-O (11... cxd4 $2 12. cxd4 Qb4+ 13. Bd2 Qxa4 14. Ra1
$18) 12. Be3 cxd4 13. cxd4 $14 Qb4+ $140 $6 14. Bd2 Qb6 15. O-O $16) 5... Bg7
6. Bg2 O-O 7. O-O c5 $10 8. Re1 Nc6 9. a3 (9. e5 $4 Nd7 {xe5}) 9... b6 10. Rb1
a5 $1 11. a4 Ra7 12. h3 Ba6 13. exd5 $5 (13. b3 $10) 13... Nxd5 (13... exd5 $5
14. Nf1 $13) 14. Nc4 Ndb4 15. Bd2 {/\16.Bc3} Bxc4 $5 16. dxc4 Rd7 17. Re2 Qc7
18. c3 $1 Nd3 19. Qc2 h6 20. Nh2 Rfd8 21. Nf1 $1 $132 Ne7 22. h4 Nf5 23. Be4
Rd6 24. b3 (24. h5 gxh5 25. Bxf5 exf5 $15) 24... Qd7 25. Kg2 Nb4 $5 26. Qc1 $1
(26. cxb4 $2 Nd4 27. Qd1 Nxe2 28. Qxe2 Rxd2 29. Nxd2 Qxd2 30. Qxd2 Rxd2 31.
bxc5 bxc5 $15 32. Rc1 f5 $1 (32... Rb2 $6 33. Bc2 $13) 33. Rc2 Rd1 $1 34. Bc6
Bd4 $17) 26... Nd3 27. Qa3 $6 (27. Qc2 $142 $10) 27... Qe7 $40 28. h5 $6 Qf6
29. hxg6 Qxg6 $17 30. Nh2 $4 (30. Rd1 $2 Nf4+ $19) (30. Qa2 Nh4+ (30... Bxc3 $4
31. Bxf5 $1) 31. Kg1 Qh5 32. Be3 Nf3+ 33. Kg2 $13 (33. Bxf3 $2 Qxf3 $17) 33...
Nde5 (33... Nh4+ $10) 34. Bf4 Rd1 $5 $40) 30... Nxf2 $1 $19 31. Bxf5 (31. Kxf2
Qxg3+ 32. Kf1 Rxd2 $19) 31... Qxf5 32. Rb2 (32. Rxf2 Rxd2 $19) 32... Qh3+ 33.
Kxf2 Qxh2+ 34. Kf3 Qh1+ 35. Kf2 Rd3 36. Be3 Rd1 37. Bf4 Qf1+ 0-1

[Event "Bundesliga 0506"]
[Site "Germany"]
[Date "2006.03.12"]
[Round "13.4"]
[White "Maiwald, Jens Uwe"]
[Black "Movsesian, Sergei"]
[Result "0-1"]
[WhiteElo "2505"]
[BlackElo "2645"]
[Annotator "Marin,M"]
[PlyCount "68"]
[EventDate "2005.10.21"]
[EventType "team-tourn"]
[EventRounds "15"]
[EventCountry "GER"]
[SourceTitle "CBM 112"]
[Source "ChessBase"]
[SourceDate "2006.06.07"]
[SourceVersion "1"]
[SourceVersionDate "2006.06.07"]
[SourceQuality "1"]
[WhiteTeam "Kreuzberg"]
[BlackTeam "Baden-Baden"]
[WhiteTeamCountry "GER"]
[BlackTeamCountry "GER"]

1. e4 c5 2. d3 Nc6 3. g3 Nf6 4. Bg2 d5 5. Nd2 g6 6. Ngf3 Bg7 7. O-O O-O 8. c3
e5 {The question whether White can obtain an advantage by playing Indian
openings with reversed colours is one of the most interesting theoretical
issues. By choosing the solid fianchetto-system of developing in this game,
Black intends to reduce the relevance of White's extra-tempo.} 9. Re1 ({
In the KI, the development of the queen to b6 is one of the most dynamic
approaches. However, with reversed colours the situation is slightly different.
In case of} 9. Qb3 {Black can simply exchange on e4, something that White
would hardly do in the KI, because this would not promisse him an advantage.
With reversed colours, the psychological situation is quite different, because
White is supposed to aim for an advantage, not for a solid and equal position.
Movszeszian already had some pleasant experience in this line:} dxe4 10. dxe4
h6 {0-1 Fedorov,A (2659)-Movsesian,S (2659)/Las Vegas 1999/CBM 072/[Horn,Pe] 
(32)}) 9... h6 10. exd5 ({Once again,} 10. Qb3 {is relatively inoffensive:}
dxe4 11. dxe4 Qc7 12. Nc4 Be6 13. Qb5 b6 14. Nfd2 Rfd8 15. Ne3 Na5 16. Qf1 c4
17. f4 exf4 18. gxf4 Rac8 19. e5 Nd5 20. Ne4 Nb7 21. Qf3 Nc5 22. Nxc5 {1/2-1/2
Gavrikov,V (2575)-Baburin,A (2550)/Wohlen 1993/EXT 97}) 10... Nxd5 11. Nc4 Re8
12. Qb3 {Now that the possibility of an exchange on e4 has been removed, this
move puts some pressure on Black.} ({Which cannot be really said about} 12. a4
{when White's extra-tempo hardly has any relevance at all. 1/2-1/2 Giorgadze,G
(2625)-Bacrot,E (2545)/Groningen 1997/CBM 063/[Horn,Pe] (68)}) 12... Nb6 {
Given the pressure against the d5-square, Black has to retreat with his knight.
The text move is the best because it questions White's stability on light
squares.} (12... Nc7 {would leave White too much liberty of atyion.} 13. Nfd2
$1 (13. Be3 Be6 $6 (13... b5 14. Na3 Be6 15. Qc2 b4 $132) 14. Qc2 $2 (14. Qxb7)
14... e4 $1 $17 {0-1 Arutiunov,A (2200)-Nikitin,A (2200)/Riga 1975/MCD (43)})
13... Re6 (13... Qxd3 14. Ne4 Be6 15. Qxb7 Bxc4 16. Qxc6 Ne6 17. Nd6 Red8 18.
Be4 Qxd6 19. Qxd6 Rxd6 20. Bxa8 {1-0 Foerster,H-Ullrich,J/DDR-ch M818 corr
1986/Corr 2002}) 14. Ne4 b6 15. f4 $36 {1-0 Karasev,V (2380)-Maslov,Y/St
Petersburg 1992/EXT 97 (34)}) 13. Nfd2 {This move is aimed to consolidate the
c4-knight.} ({The alternative is to put the c5-pawn under pressure, continuing
the natural development at the same time with} 13. Be3 Be6 14. Qb5 (14. Nfd2
Qxd3 15. Bf1 Qd8 16. Bxc5 Nxc4 17. Nxc4 Na5 18. Qa4 Nxc4 19. Bxc4 Bxc4 20. Qxc4
Rc8 $15 {1-0 Duenhaupt,H-Sevecek,R/FRG jub-A corr7074 1970/Corr Nr. 1 (59)}) (
14. Rad1 e4 $1 $15 {0-1 Pinter,G (2378)-Ni Hua (2390)/Budapest 2000/EXT 2001 
(42)} 15. dxe4 $2 Qe7 16. Nfd2 Ne5 17. Bf1 Nbxc4 18. Nxc4 Nf3+ $17) 14... Qxd3
(14... e4 15. Nfd2 exd3 16. Bxc5 Nxc4 17. Nxc4 a6 18. Qxb7 Bxc4 19. Bxc6 Rb8
20. Bxe8 Rxb7 21. b3 Bxc3 22. Rad1 {1/2-1/2 Mirumian,V (2430)-Shulman,Y (2520)/
Pardubice 1996/CBM 055 ext}) 15. Na3 Rad8 (15... Bc4 16. Nxc4 Qxc4 17. a4 Bf8
18. Nd2 Qe6 19. a5 Nd5 20. Bxc5 Bxc5 21. Qxc5 $14 {1-0 Karatekin,T (2325)
-Nikolaidis,K (2335)/Chalkida 1998/EXT 2004 (38)}) 16. Bxc5 $13 {1/2-1/2
Mirumian,V (2430)-Baburin,A (2545)/Yerevan 1996/EXT 97 (73)}) 13... Be6 14. Qc2
f5 $146 {[%csl Gc4][%cal Ye5e4] Black continues the fight against White's
c4-outpost, by creating the threat ...e4.} (14... Qc7 15. b3 (15. a4 $5 f5 16.
a5 $5 Nxc4 $140 17. Nxc4 Bxc4 18. dxc4 e4 19. f3 exf3 20. Rxe8+ Rxe8 21. Bxf3
Nxa5 22. Bd5+ Kh7 23. Bf4 $44) 15... Rad8 16. Ba3 Nxc4 17. bxc4 b6 $11 {
/=/+ 1-0 Barlov,D (2485)-Banas,J (2380)/Belgrade 1988/TD (61)}) (14... Nxc4 15.
dxc4 {[%csl Gd5][%cal Yd2f1,Yf1e3] 1/2-1/2 Skeels,J-Remus,H/NAPZ M61 corr 1996/
Corr 2002 (49)} (15. Nxc4 $5 Bd5 $11 {/=/+}) 15... f5 $5 {[%csl Gg2][%cal
Ye5e4]}) 15. Bxc6 {White has no other solution than embark this forced
tactical operation, with slightly unclear consequences.} (15. a4 e4 $1 $17) (
15. Nxb6 axb6 $15) 15... Bxc4 (15... bxc6 16. Nxe5) 16. Nxc4 (16. Bxe8 Bxd3 17.
Qd1 (17. Qb3+ c4) 17... Qxe8 $15) 16... bxc6 17. Qb3 (17. Be3 Qd5 18. Rad1 Nxc4
19. dxc4 Qxc4 20. Rd6 $44) 17... Kh7 $13 {The weakness of the d3-pawn does not
allow White count on an advantage in spite of his relative stability on light
squares. The position is complicated and approximately equal.} 18. Be3 Qd5 (
18... Qxd3 $5 19. Nxb6 axb6 20. Qxb6 f4 $36) 19. Na5 Nd7 20. Qa4 Rec8 21. Rad1
Bf8 22. Nc4 g5 23. Bc1 Bg7 24. b3 (24. Qc2 $14 {/=}) 24... g4 25. Qa6 Rc7 26.
d4 cxd4 27. cxd4 exd4 28. Bf4 Nc5 29. Qa3 Rd7 30. Ne3 (30. Nb6 axb6 31. Qxa8
Ne4 $44) 30... Qf3 31. Qxc5 dxe3 32. Rxd7 Qxf2+ 33. Kh1 Qxe1+ 34. Kg2 Qf2+ 0-1

[Event "Primavara"]
[Site "Bucharest"]
[Date "1998.??.??"]
[Round "9"]
[White "Svetushkin, Dmitry"]
[Black "Marianovici, Slanco"]
[Result "1-0"]
[WhiteElo "2415"]
[BlackElo "2420"]
[Annotator "Marin,M"]
[PlyCount "87"]
[EventDate "1998.??.??"]
[EventType "tourn"]
[EventRounds "15"]
[EventCountry "ROU"]
[EventCategory "9"]
[SourceTitle "EXT 1999"]
[Source "ChessBase"]
[SourceDate "1998.11.16"]
[SourceVersion "1"]
[SourceVersionDate "1998.11.16"]
[SourceQuality "1"]

1. e4 c5 2. Nf3 e6 3. d3 Nc6 4. g3 d5 5. Nbd2 g6 6. Bg2 Bg7 7. O-O Nge7 8. Re1
h6 9. h4 b6 10. a4 a5 11. Nf1 Ra7 12. e5 Qc7 $6 {צa7} (12... Rd7 13. Qe2 Bb7)
13. Qe2 Ba6 14. c3 g5 $6 15. hxg5 Ng6 16. gxh6 Bxe5 17. Bg5 (17. Nxe5 Ncxe5
$132 {><d3}) 17... Bd6 18. Ne3 Be7 19. Ng4 Kd8 20. Bxe7+ Qxe7 21. Nfe5 Ngxe5
22. Nxe5 Nxe5 23. Qxe5 Rxh6 24. Bxd5 $1 Kc8 (24... exd5 25. Qb8+ Bc8 26. Rxe7)
25. Be4 Qd8 26. d4 Rc7 27. d5 exd5 28. Bxd5 Rd6 29. Bf3 Bc4 30. b4 cxb4 31.
cxb4 axb4 32. a5 Rc5 33. Qe3 Re6 (33... Rxa5 34. Rxa5 bxa5 35. Qa7 $18) 34.
axb6 $1 Rxe3 35. Ra8+ Kd7 36. Rxd8+ Kxd8 37. Rxe3 Rb5 38. b7 b3 39. Bc6 Rb6 40.
Re8+ Kc7 41. Rc8+ Kd6 42. Be4 Ke5 43. Rxc4 b2 44. f4+ 1-0

[Event "EU-ch 6th"]
[Site "Warsaw"]
[Date "2005.06.29"]
[Round "11"]
[White "Nevednichy, Vladislav"]
[Black "Navara, David"]
[Result "1/2-1/2"]
[WhiteElo "2566"]
[BlackElo "2647"]
[Annotator "Marin,M"]
[PlyCount "96"]
[EventDate "2005.06.18"]
[EventType "swiss"]
[EventRounds "13"]
[EventCountry "POL"]
[SourceTitle "CBM 108"]
[Source "ChessBase"]
[SourceDate "2005.09.26"]
[SourceVersion "1"]
[SourceVersionDate "2005.09.26"]
[SourceQuality "1"]

1. e4 c5 2. Nf3 e6 3. d3 Nc6 4. g3 d5 5. Nbd2 Bd6 6. Bg2 Nge7 7. O-O b6 $5 {
An interesting plan. Instead of immediately castling on the king side,
precisely where White has the better prospects of developing an initiative,
Black prefers to develop his queen side, intending to eventually escape with
the king to that wing.} 8. Nh4 {In view of the next comment, this move might
be sligthly premature.} ({More flexible seemt oe be} 8. Re1 Bb7 {and now White
can choose between two main plan of placing his pieces:} 9. Nf1 (9. Nh4 {
is well timed already, since} g5 $6 {is strongly met by} 10. exd5 $1 gxh4 (
10... Nxd5 11. Nf5) (10... exd5 11. Nf5) 11. dxc6 Nxc6 12. Qh5 $16 {1/2-1/2
Cinar,N (2057)-Hernandez,Y (2207)/Istanbul 2000/EXT 2001 (46)}) 9... Qd7 10. c3
O-O-O ({Maybe it is time for Black to adjust his plans and play} 10... O-O $5)
11. a3 $1 h6 12. b4 g5 13. bxc5 $6 (13. e5 $1 Bc7 14. bxc5 bxc5 15. h3 $1 $14 {
[%cal Ya1b1,Yd1a4,Yc3c4,Rg2b7,Rb1b7]}) 13... Bxc5 $1 14. d4 dxe4 15. N3d2 $6 (
15. Rxe4) 15... Nxd4 $1 16. cxd4 $2 (16. Nxe4) 16... Qxd4 $19 {0-1
Woyciechowski,F-Schmitt,C/Kehl 1989/GER (46)}) 8... Bb7 (8... g5 $5 9. Nhf3 h6
10. Re1 Bb7 11. c3 Qd7 12. d4 $5 (12. e5 $6 {would only mean playing two tempi
down compared to the game Woyciechowski,F-Schmitt,C/Kehl 1989 mentioned above.}
) 12... cxd4 13. Nxd4 Nxd4 14. cxd4 O-O-O (14... dxe4 $1 15. Nxe4 Nd5) 15. e5
$14 {1/2-1/2 Rubinetti,J (2440)-Rodriguez Gonzales,J (2390)/Quito 1975/MCD (40)
}) 9. f4 Qd7 10. c3 Bc7 11. e5 O-O-O 12. Ndf3 $6 {White drives the knight away
from the e4-square too early. He had a nice bunch of useful moves.} (12. a3 $5)
(12. Qe2 $5) (12. Re1 $5 {the latter being relevant for the case he would have
chosen the move order starting with 9.Re1. In all these cases, the thematic
advance of the black d-pawn would be inhibited because of c4 followed by Ne4.})
12... d4 $1 13. c4 f6 $1 {With these precise moves, Black immediately takes
advantage of White's inaccuracy.} 14. exf6 gxf6 15. Bd2 Ng6 16. a3 Nce7 {
Well played. Black hurries to neutralize the pressure along the h1-a8 diagonal
before the attack initiated by the advance of the b-pawn takes concrete forms.}
17. b4 Bd6 18. bxc5 Bxc5 19. Bb4 Nxh4 20. Nxh4 Bxg2 21. Kxg2 Qc6+ 22. Qf3 Kd7
$11 {Black has successfully solved the opening problems.} 23. Rab1 Ng6 24. Nxg6
hxg6 25. h4 Rc8 26. Rfe1 f5 27. Re2 Rhe8 28. Qxc6+ Rxc6 29. g4 fxg4 30. Kg3 Ke7
31. Kxg4 Kf6 32. Re5 Rec8 33. Rg5 R6c7 34. Re5 Rc6 35. a4 Bxb4 36. Rxb4 Rc5 37.
Rb5 R8c7 38. Kf3 Rxe5 39. Rxe5 Rh7 40. Kg4 Rc7 41. a5 bxa5 42. Rxa5 Rb7 43. Rb5
Rxb5 44. cxb5 Ke7 45. Kf3 Kd6 46. Kg4 Ke7 47. Kf3 Kd6 48. Kg4 Ke7 1/2-1/2

[Event "Metz op 30th"]
[Site "Metz"]
[Date "2012.04.18"]
[Round "7"]
[White "Zozulia, Anna"]
[Black "Korneev, Oleg"]
[Result "0-1"]
[WhiteElo "2342"]
[BlackElo "2597"]
[Annotator "Metz Alekhine/Primel,D"]
[PlyCount "60"]
[EventDate "2012.04.14"]
[EventType "swiss"]
[EventRounds "9"]
[EventCountry "FRA"]
[SourceTitle "EXT 2013"]
[Source "ChessBase"]
[SourceDate "2012.11.22"]
[SourceVersion "1"]
[SourceVersionDate "2012.11.22"]
[SourceQuality "1"]

1. e4 {01h30} c5 2. Nf3 e6 3. d3 Nc6 4. g3 d5 (4... g6 {[%cal Gf8g7,Gg8e7]}) 5.
Nbd2 Bd6 6. Bg2 Nge7 7. O-O O-O 8. Re1 Qc7 9. c3 Bd7 {La grande ligne} 10. Qe2
f6 11. Nf1 $6 (11. a3 $142 {[%cal Gb2b4]} d4 12. Nc4 e5 13. cxd4 cxd4 14. Bd2
b5 15. Nxd6 Qxd6) 11... d4 $11 12. N3d2 $6 {Trop lent et il n'est pas logique
de vouloir préparer la poussée f4 après avoir joué Re1} b5 13. a4 a6 14. axb5
axb5 15. Rxa8 Rxa8 $15 16. e5 Bxe5 17. Ne4 dxc3 18. bxc3 b4 19. Nxc5 Bxc3 20.
Nxe6 Qe5 $40 21. Qg4 Bxe6 22. Qxe6+ Qxe6 23. Rxe6 Ra1 24. Bxc6 Nxc6 25. Rxc6
Rxc1 26. Rb6 Rb1 27. Kg2 b3 28. Ne3 b2 29. Nc4 h5 30. Kf3 g5 {Suite illisible
et gain Noir au 50ème coup} 0-1

[Event "Bundesliga 9900"]
[Site "Germany"]
[Date "2000.01.09"]
[Round "7.7"]
[White "Mortensen, Erling"]
[Black "Gustafsson, Jan"]
[Result "1-0"]
[WhiteElo "2445"]
[BlackElo "2436"]
[Annotator "Mortensen,E"]
[PlyCount "67"]
[EventDate "1999.10.09"]
[EventType "team-tourn"]
[EventRounds "15"]
[EventCountry "GER"]
[SourceTitle "CBM 074 Extra"]
[Source "ChessBase"]
[SourceDate "2000.03.10"]
[SourceVersion "2"]
[SourceVersionDate "2000.03.10"]
[SourceQuality "1"]
[WhiteTeam "Luebeck"]
[BlackTeam "Hamburger SK"]
[WhiteTeamCountry "GER"]
[BlackTeamCountry "GER"]

1. e4 c5 2. Nf3 e6 3. d3 d5 4. Qe2 Ne7 5. g3 Nbc6 6. Bg2 ({After} 6. h4 dxe4 7.
dxe4 Nd4 8. Nxd4 cxd4 9. Bg2 e5 10. O-O Nc6 11. Nd2 Be7 {black was at least
equal in Morozevich,A-Salov,V/Amsterdam 1996/CBM 55/(53)}) 6... g6 7. O-O Bg7
8. c3 b6 9. e5 ({I did not like} 9. Re1 d4 $5) 9... Qc7 {Probably black should
castle. Also the best place for the black queen in this line is on d7
protecting e6 and not allowing any tempo with Nb5.} 10. Re1 h6 11. h4 Ba6 12.
Na3 O-O-O $2 {A basic mistake, since it is much easier for white to open lines
on the queenside than on the other side of the board. Correct was 12...0-0} 13.
Bd2 $14 ({Less clear was} 13. Bf4 g5 14. hxg5 Ng6 {Now white has the very
strong threat b2-b4 opening lines against the black king. Therefore black has
to do something immediatly:}) 13... g5 14. hxg5 hxg5 (14... Ng6 15. gxh6 Bxe5
16. Nxe5 Ncxe5 (16... Qxe5 17. Qg4 $16) 17. c4 $16) 15. Bxg5 Rdg8 16. Bxe7 ({
The complications after} 16. Qd2 Nxe5 17. Nxe5 Bxe5 18. Bxe7 Bxg3 19. fxg3 Qxg3
20. Re3 {are probably good for white, but I decided to play it safe. The move
played gains a tempo to protect the important e5-pawn.}) 16... Qxe7 17. Qd1 Rh5
$6 ({Better was} 17... f6 18. Qa4 Bb7 19. exf6 Bxf6 {with some kompensation
for the pawn}) 18. d4 $6 ({I did not see that after} 18. Nd4 Rxe5 19. Nxc6
Rxe1+ 20. Qxe1 Qc7 21. Bxd5 $1 {was possible.}) 18... Rgh8 19. Qa4 Kb7 20. Nb5
Bxb5 21. Qxb5 c4 22. Qa4 f5 $6 ({The counterplay connected with f5-f4 arrives
too late. Better was} 22... f6 23. exf6 Qxf6 {with the idea} 24. Re2 $2 Rh1+
25. Bxh1 Rxh1+ 26. Kxh1 Qxf3+ {and black wins. White keeps the advantage with
24. Te3}) 23. b3 cxb3 $6 ({Opening the a-file must be a mistake, but} 23... Na5
24. Nd2 Qg5 25. Nxc4 Nxc4 26. bxc4 Qh6 27. Kf1 Rh1+ 28. Ke2 {also loses}) 24.
axb3 Bf8 25. c4 {The attack on the white squares decide in a few moves} Qh7 26.
Nh4 Rxh4 27. gxh4 Rg8 28. cxd5 exd5 29. Qb5 Nb4 30. Kf1 Rxg2 31. Kxg2 f4 32. e6
f3+ 33. Kf1 Nc6 34. Rec1 1-0